00478cam a22001692 4500001001100000005001700011008004100028020002600069040001500095050002200110100003600132245003100168250001200199260004200211300001700253650003800270000000456420151217151937.0070525s xx 000 0 eng d a0070585148 :cKES 950 aKABUcKABU 0aHF5549b.I95 20041 aIvancevich, John M.@000015055510aHuman resource management. a9th ed. aNew Delhi :bTata McGraw-Hill,c2004. axxi, 649 p. 0aPersonnel management.@0000150761